| 000 | 00911nam a2200217Ia 4500 | ||
|---|---|---|---|
| 001 | 9128 | ||
| 003 | GE_BSU | ||
| 008 | 181216s||||||||xx |||||||||||||| ||und|| | ||
| 040 | _cGE_BSU | ||
| 080 | _a821.353.1-11 | ||
| 100 | _aგურამიშვილი,დავით | ||
| 245 | _aდავითიანი | ||
| 245 | _bქ.წიგნი ესე,რომელსაც ეწოდების სახელად დავითიანი,თქმული გურამის-შვილის დავითისაგან. | ||
| 245 | _cალ.ბარამიძის წინასიტყვ.და რედაქციით;რედ:ს.ჩიქოვანი | ||
| 260 | _aთბილისი. | ||
| 260 | _bსაბჭ.მწერალი. | ||
| 260 | _c1948 | ||
| 300 | _a448გვ;16სმ. | ||
| 653 | _aდავითიანი | ||
| 942 | _cBK | ||
| 999 |
_c42432 _d42432 |
||